CYRIL - textový editor pre prácu s českou a slovenskou abecedou.

Ciele tvorby českého a slovenského textového editora CYRIL. Základné vlastnosti CYRIL-a. Popis dôležitých funkcií. Špecifiká editovania textu. Zmeny farebnej palety. Textové okná. Textové makrá. Triediaci program. Základné aritmetické operácie. Obsluha klávesnice. Technické prostriedky.

Enregistré dans:
Détails bibliographiques
Auteur principal: Krchnavý, J.
Format: Chapitre de livre
Langue:slovaque
Sujets:
Tags: Ajouter un tag
Pas de tags, Soyez le premier à ajouter un tag!

MARC

LEADER 00000naa a2200000 4500
001 r002133
005 20220909073914.5
041 0 |a slo 
044 |a [CS] 
245 1 0 |a CYRIL - textový editor pre prácu s českou a slovenskou abecedou.  |c J. Krchnavý 
520 |a Ciele tvorby českého a slovenského textového editora CYRIL. Základné vlastnosti CYRIL-a. Popis dôležitých funkcií. Špecifiká editovania textu. Zmeny farebnej palety. Textové okná. Textové makrá. Triediaci program. Základné aritmetické operácie. Obsluha klávesnice. Technické prostriedky. 
610 2 0 |a spracovanie textov 
610 2 0 |a počítače osobné 
610 2 0 |a programy aplikačné 
610 2 0 |a softvér 
610 2 0 |a CYRIL 
100 1 |a Krchnavý, J.